Escritos, ensayos y crónicas / (Record no. 148743)

MARC details
000 -LEADER
campo de control de longitud fija 00433nam a2200145 4500
001 - NÚMERO DE CONTROL
campo de control 148743
003 - IDENTIFICADOR DE NÚMERO DE CONTROL
campo de control ES-MaACL
007 - CAMPO FIJO DE DESCRIPCIÓN FÍSICA--INFORMACIÓN GENERAL
campo de control de longitud fija t|
008 - DATOS DE LONGITUD FIJA--INFORMACIÓN GENERAL
campo de control de longitud fija 070214s1953 sp r ||||1| spa d
100 1# - ENTRADA PRINCIPAL--NOMBRE DE PERSONA
Nombre de persona Suasi de Blas, José María.
9 (RLIN) 108671
245 10 - MENCIÓN DEL TÍTULO
Título Escritos, ensayos y crónicas /
Mención de responsabilidad, etc. José María Suasi de Blas.
260 ## - PUBLICACIÓN, DISTRIBUCIÓN, ETC.
Lugar de publicación, distribución, etc. Torrelavega :
Nombre del editor, distribuidor, etc. Antonio Fernández,
Fecha de publicación, distribución, etc. 1953.
300 ## - DESCRIPCIÓN FÍSICA
Extensión 194 p. ;
Dimensiones 21 cm.
852 ## - LOCALIZACIÓN
Ubicación ES-MaACL
Número de control de estantería C-7805
Sublocalización o colección R.35673
Holdings
Estatus retirado Estado de pérdida Estado de daño No para préstamo Biblioteca de origen Biblioteca actual Ubicación en estantería Fecha de adquisición Fuente de adquisición Total de préstamos Signatura topográfica completa Código de barras Visto por última vez Precio de reemplazo Tipo de ítem Koha
        Biblioteca del Ateneo de Madrid Biblioteca del Ateneo de Madrid Sala Palomar 17/01/2008     C-7805 1155223 23/02/2023 23/02/2023 Libro impreso